000 02152nmm a2200469 a 4500
003 AR-BaBNM
005 20251128204005.0
008 237019s1975 ||||||||||||||000 | spa||
020 _a84-369-0400-1
040 _cAR-BaBNM
110 2 _aInstituto de Ciencias de la Educación
_bDepartamento de Prospección Educativa
245 1 0 _aInvestigaciones educativas de la red I.N.C.I.E.-I.C.E.s.
_btres primeros planes nacionales : cursos 1970-1971, 1971-1972, 1972-1973
260 _aMadrid
_bMinisterio de Educación y Ciencia
_c1975
300 0 _a181 p.
500 0 _aICEs: INSTITUTOS DE CIENCIAS DE LA EDUCACION
500 0 _aCENIDE: CENTRO NACIONAL DE INVESTIGACIONES PARA EL DESARROLLO DE LA EDUCACION
500 0 _aEl CENIDE es el organismo encargado de la coordinación e intercomunicación de los diversos institutos de investigaciones para el desarrollo de la educación
500 0 _aContiene índice temático
610 2 4 _aInstituto de Ciencias de la Educación [Barcelona]
610 2 4 _aInstituto de Ciencias de la Educación [Bilbao]
610 2 4 _aInstituto de Ciencias de la Educación [Granada]
610 2 4 _aInstituto de Ciencias de la Educación [Laguna]
610 2 4 _aInstituto de Ciencias de la Educación [Madrid]
610 2 4 _aInstituto de Ciencias de la Educación [Murcia]
610 2 4 _aInstituto de Ciencias de la Educación [Navarra]
610 2 4 _aInstituto de Ciencias de la Educación [Oviedo]
610 2 4 _aInstituto de Ciencias de la Educación [Salamanca]
610 2 4 _aInstituto de Ciencias de la Educación [Santiago]
610 2 4 _aInstituto de Ciencias de la Educación [Sevilla]
610 2 4 _aInstituto de Ciencias de la Educación [Valencia]
610 2 4 _aInstituto de Ciencias de la Educación [Valladolid]
610 2 4 _aInstituto de Ciencias de la Educación [Zaragoza]
650 4 _aREFORMA DE LA EDUCACION
650 4 _aPOLITICA DE INVESTIGACION
650 4 _aCENTROS DE INVESTIGACION
650 4 _aINVESTIGACION CIENTIFICA
650 4 _aUNIDADES DE ENSENANZA E INVESTIGACION
651 4 _aEspaña
653 0 _aINVESTIGACION EDUCATIVA
942 _cBK
998 _cSILVI
999 _c5749
_d5749